Don‘t go to Africa! - Sudden Death - Statistics

General Stats
  • This quiz has been taken 4,140 times
  • The average score is 15 of 22
Answers on the Grid
Answers color-coded by a green-red scale on the quiz's grid according to % correct below.
Italy
Uruguay
Laos
Nepal
Cameroon
Mali
Ethiopia
Mozambique
Iraq
Guinea-Bissau
Sweden
Sudan
Tonga
Slovenia
Rwanda
Somalia
Tajikistan
Kuwait
Angola
Tunisia
Ghana
Ireland
Equatorial Guinea
Kenya
Lebanon
Liechtenstein
Costa Rica
Lesotho
Tanzania
Namibia
Australia
Djibouti
Mongolia
Belize
Lithuania
Cyprus
Yemen
Chile
Benin
Netherlands
Sierra Leone
Madagascar
Gambia
Egypt
Grenada
Chad
El Salvador
Burkina Faso
Burundi
Nauru
 
Answer Stats
Answer % Correct
Italy
98%
Nepal
94%
Uruguay
94%
Laos
93%
Iraq
91%
Slovenia
69%
Tonga
64%
Ireland
62%
Kuwait
62%
Tajikistan
61%
Costa Rica
60%
Australia
59%
Chile
59%
Cyprus
59%
Liechtenstein
59%
Yemen
58%
Belize
55%
Grenada
55%
Lithuania
55%
Mongolia
55%
Netherlands
55%
Nauru
54%
No matching quizzes found
Score Distribution
Percent of People with Each Score
Percentile by Number Answered
Your Score History
You have not taken this quiz